|
|
|
|
| LEADER |
00000nab a22000005a 4500 |
| 001 |
AR-BbUGT8857 |
| 003 |
AR-BbUGT |
| 005 |
20181220002551.0 |
| 007 |
ta |
| 008 |
081016s1992||||ag |||p |||| 0|||||spa d |
| 040 |
|
|
|a AR-BbUGT
|c AR-BbUGT
|
| 100 |
1 |
|
|a Gordi Serrat, Josep
|
| 245 |
1 |
3 |
|a La frecuentación en los espacios naturales protegidos. Reflexiones a partir del estudio de los parques naturales de Cataluña
|
| 653 |
|
|
|a Espacios Protejidos
|
| 653 |
|
|
|a Paruques Naturales
|
| 653 |
|
|
|a España
|
| 773 |
0 |
|
|o R1333.44
|g Vol. 53, no. 209 (1992), p. 593-608
|t Estudios Geográficos
|x 0014-1496
|w AR-BbUGT7001
|
| 942 |
|
|
|2 ddc
|c ARTPP
|
| 999 |
|
|
|c 14374
|d 14374
|